Комплексное обеспечение безопасной эксплуатации Астраханского газоконденсатного месторождения (ГКМ); Безопасность жизнедеятельности; № 1

Bibliografische gegevens
Parent link:Безопасность жизнедеятельности: научно-практический и учебно-методический журнал.— , 2001-
№ 1.— 2002.— С. 14-18
Andere auteurs: Шугорев В.Д., Гераськин В. И., Тягненко В. А., Гендель Г. Л.
Taal:Russisch
Gepubliceerd in: 2002
Reeks:Промышленная безопасность
Onderwerpen:
Formaat: MixedMaterials Hoofdstuk
KOHA link:https://koha.lib.tpu.ru/cgi-bin/koha/opac-detail.pl?biblionumber=380840

MARC

LEADER 00000naa2a2200000 4500
001 380840
005 20231101062736.0
035 |a (RuTPU)RU\TPU\prd\2602 
090 |a 380840 
100 |a 20020401a2002 k y0rusy50 ca 
101 0 |a rus 
102 |a RU 
200 1 |a Комплексное обеспечение безопасной эксплуатации Астраханского газоконденсатного месторождения (ГКМ)  |f В.Д. Шугорев, В. И. Гераськин, В. А. Тягненко, Г. Л. Гендель 
225 1 |a Промышленная безопасность 
320 |a Библиогр.: 4 назв. 
461 1 |0 (RuTPU)RU\TPU\prd\1137  |t Безопасность жизнедеятельности  |o научно-практический и учебно-методический журнал  |d 2001- 
463 1 |0 (RuTPU)RU\TPU\prd\2200  |t № 1  |v С. 14-18  |d 2002 
610 1 |a газоконденсатные месторождения 
610 1 |a Астраханский заповедник 
610 1 |a безопасность эксплуатации 
610 1 |a ландшафт 
610 1 |a природные водоемы 
610 1 |a техногенные риски 
610 1 |a экологические катастрофы 
610 1 |a трубопроводы 
610 1 |a экологическая безопасность 
610 1 |a экология 
675 |a 622.279.4.001.25.004  |v 3 
701 1 |a Шугорев  |b В.Д. 
701 1 |a Гераськин  |b В. И. 
701 1 |a Тягненко  |b В. А. 
701 1 |a Гендель  |b Г. Л. 
801 1 |a RU  |b 63413507  |c 20020401  |g PSBO 
801 2 |a RU  |b 63413507  |c 20041216  |g PSBO 
942 |c BK